| 000 | 00751nam a22001937a 4500 | ||
|---|---|---|---|
| 999 |
_c166680 _d166680 |
||
| 005 | 20190802171225.0 | ||
| 010 | _aUR-10336 | ||
| 020 |
_c200.00 _a9789388356077 |
||
| 035 | _aU-8891 | ||
| 037 | _bDBAD/PUB | ||
| 082 | _a920 | ||
| 100 | _aجہا نگير ا حمد خا ن | ||
| 245 |
_aبيسو يں صد ی کے کا ر و ا ں سا لا ر سر سيد ا حمد خا ن _cجہا نگير ا حمد خا ن |
||
| 246 |
_bBeesween Sadi Ke Karwan Salaar Sir Syed Ahmed Khan (Urdu) _aDr.Jahangir Ahmed Khan |
||
| 260 |
_aDelhi _bEducational Publishing House _c2018 ء |
||
| 270 |
_a3191,Vakil Sreet Kucha Pandit Lal Kuan _bDelhi _e110006 _k23216162 _l- |
||
| 300 |
_a160 ص _c22 Cm(Hb) |
||
| 942 |
_2ddc _cUR _h920 _mخ ا ن |
||